000 00387cam a2200157ua 4500
041 _aeng
_h
082 _a828.09
_bHOD/SH
100 _aHodges, Walter .
245 _aShakespeare and the players /
_cWalter hodges.
_hTextual Documents
250 _a1 /
_b.
260 _aLondon :
_bEarnest Benn Ltd ,
_c1959.
300 _a101 ; .
504 _a
942 _cBK
999 _c6474
_d6474